=LDR 00000nam 2200000 4500 =001 INLIS000000000021813 =005 20130612120632 =008 ***********************************Ind** =035 ##$$0010-061300000021813 =041 ##$$a Ind =082 ##$$a 796.426 =090 ##$$a 796.426, Tas-o =100 ##$$a TASMAYA, Yaya =245 ##$$a Olah Raga Lari Berprestasi, Yaya Tasmaya =260 ##$$a 1984 $b Jakarta =300 ##$$a v, 62 hlm., ilus., 21 cm =650 ##$$a Lari - Olah Raga =850 ##$$a NBPNMAT